1950 seçimleri (Record no. 8698)

MARC details
000 -BAŞLIK
Sabit Uzunlukta Kontrol Alanı 00908na a2200301 4500
001 - KONTROL NUMARASI
Denetim Alanı 14677
003 - KONTROL NUMARASI IDENTIFIER
Denetim Alanı MIRAKIL
005 - SON İŞLEM TARİHİ VE ZAMANI
Denetim Alanı 20181213155222.0
008 - SABİT-BOY VERİ ELEMANLARI - GENEL BİLGİLER
Sabit Uzunlukta Kontrol Alanı 160830b tu 000 0
020 ## - ULUSLARARASI STANDART KİTAP NUMARASI
Uluslararası Standart Kitap Numarası 9789759876982
035 ## - SİSTEM KONTROL NUMARASI
Sistem Kontrol Numarası 14677
040 ## - KATALOGLAMA KAYNAK
Orijinal Kataloglama Ajansı Milas
Kataloglama Dili tur
Metne Dönüştürmek Ajansı TR-AnCHP
082 ## - DEWEY ONLU SINIFLANDIRMA NUMARASI
Sınıflandırma Numarası 324.9 1950
Ürün Numarası T85b 2010
090 ## - SINIFLAMA NUMARASI
Sınıflama Numarası 324.9 1950 T85b 2010
100 ## - ANA GİRİŞ - KİŞİSEL İSİM
Kişisel Ad Tuncer, Erol
245 ## - BAŞLIK TABLOSU
Başlık 1950 seçimleri
Sorumluluk Tablosu, Vb Erol Tuncer
260 ## - YAYIN, DAĞITIM, VB
Yayın, Dağıtım, Vb Yeri Ankara
Yayıncı, Dağıtıcı, Vs Adı TESAV
Yayın, Dağıtım, Vb Tarihi 2010
300 ## - FİZİKSEL TANIM
Kapsam xiv, 452 s.
Diğer Fiziksel Ayrıntıları tbl.
Boyutlar 27 sm.
490 ## - SERİSİ TABLOSU
Seri Beyanı TESAV yayınları
Hacim / Ardışık Tanımı 34
504 ## - KAYNAKÇA VB NOT
Kaynakça Vb Notu Kaynakça ve dizin var.
650 ## - KONU KATMA GİRİŞ - TOPİKAL DÖNEM
Topikal Süreli Veya Coğrafi Ad Giriş Elemanı Siyasal tarih
Genel Alt Bölümü 1954-1957
Coğrafi Alt Bölümü Türkiye
650 ## - KONU KATMA GİRİŞ - TOPİKAL DÖNEM
Topikal Süreli Veya Coğrafi Ad Giriş Elemanı Siyasal partiler
Genel Alt Bölümü 1954-1957
Coğrafi Alt Bölümü Türkiye
650 ## - KONU KATMA GİRİŞ - TOPİKAL DÖNEM
Topikal Süreli Veya Coğrafi Ad Giriş Elemanı TBMM
Genel Alt Bölümü 9. Dönem
Kronolojik Alt Bölümü 1950-1954
650 ## - KONU KATMA GİRİŞ - TOPİKAL DÖNEM
Topikal Süreli Veya Coğrafi Ad Giriş Elemanı Seçimler
Genel Alt Bölümü İstatistikler
Coğrafi Alt Bölümü Türkiye
651 ## - KONU KATMA GİRİŞ - COĞRAFİ ADI
Coğrafi İsim Türkiye
Genel Alt Bölümü Seçimler
Kronolojik Alt Bölümü Genel seçimler, 1950
651 ## - KONU KATMA GİRİŞ - COĞRAFİ ADI
Coğrafi İsim Türkiye
Genel Alt Bölümü Siyaset ve yönetim
Kronolojik Alt Bölümü 1954-1957
942 ## - EKLENDİ GİRİŞ ELEMANLARI (KOHA)
Sınıflandırma Veya Raf Düzeni Kaynak Dewey Decimal Classification
Koha Öğesi Türü Books
999 ## - SİSTEM KONTROL NUMARALARI (KOHA)
Koha Biblionumber 8698
Koha Biblioitemnumber 8698
Holdings
Kalıcı Konum Mevcut Konum Edinme Tarihi Edinim Kaynak Toplam Check-Out'Lar Tam Çağrı Numarası Barkod Kontrol Edildi Tarih Son Görülme Tarihi Geçen Teslim İtibaren Geçerli Fiyatlar Koha Öğesi Türü Toplam Yenileme Kopya Sayısı
CHP Kütüphanesi CHP Kütüphanesi 08/30/2016 Bağış 1 324.9 1950 T85b 2010 003024 02/16/2021 01/26/2021 01/26/2021 08/30/2016 Books    
CHP Kütüphanesi CHP Kütüphanesi 08/30/2016 Bağış 1 324.9 1950 T85b 2010 003025 10/24/2019 08/02/2019 08/02/2019 08/30/2016 Books 3 k.2